Cinéma : Les personnages réels dans les films - 2 - Statistiques

Statistiques générales
  • Ce quiz a été pris 87 fois
  • Le résultat moyen est 20 sur 50
Statistiques - réponses
Année Film Initiales Personne % Correct
1991 Les fleurs du mal CB Charles Baudelaire
82%
1993 Pétain PP Philippe Pétain
81%
2007 La Môme EP Edith Piaf
80%
2008 Luther ML Martin Luther
80%
1995 Nixon RN Richard Nixon
80%
2002 Frida FK Frida Kahlo
76%
2007 Molière JBP Jean-Baptiste Poquelin
75%
2005 Ray RC Ray Charles
75%
2008 Sagan FS Françoise Sagan
73%
2008 Che EG Ernesto Guevara
70%
1991 Kafka FK Franz Kafka
65%
2001 Ali MA Muhammad Ali
63%
1993 La liste de Schindler OS Oskar Schindler
63%
2001 Callas Forever MC Maria Callas
62%
2006 Klimt GK Gustav Klimt
61%
2006 The Queen E2 Elisabeth II
59%
1998 Lautrec HDTL Henri de Toulouse-Lautrec
59%
2011 Jeanne captive JDA Jeanne d'Arc
58%
2000 Vatel FV François Vatel
57%
2008 Coluche : l'histoire d'un mec MC Michel Colucci
56%
2011 Le discours d'un roi G6 Georges VI
54%
2004 La Chute AH Adolf Hitler
49%
2009 Invictus NM Nelson Mandela
49%
2000 Pollock JP Jason Pollock
48%
2008 L'ennemi public n°1 JM Jacques Mesrine
46%
1992 Chaplin CSC Charles Spencer Chaplin
42%
1996 Beaumarchais, l'insolent P-A CDB Pierre-Augustin Caron de Beaumarchais
42%
2007 Jane JA Jane Austen
39%
2011 J. Edgar JEH John Edgar Hoover
38%
1995 Guillaumet, les ailes du courage HG Henri Guillaumet
35%
2005 Le promeneur du Champ-de-Mars FM François Mitterrand
25%
1994 La reine Margot MDV Marguerite de Valois
25%
2004 Une offrande musicalke JSB Jean-Sébastien Bach
24%
1992 Malcolm X ML Malcolm Little
20%
2011 La Conquête NS Nicolas Sarkozy
20%
2004 Aviator HH Howard Hughes
19%
2010 Gainsbourg Vie héroïque LG Lucien Ginsburg
19%
2011 Bird CP Charlie Parker
14%
1991 Tous les matins du monde JDSC et MM {Jean de Sainte-Colombe} et {Marin Marais}
9%
1994 Nostradamus MDN Michel de Nostredame
9%
2001 Cet amour-là MD Marguerite Duras
8%
2009 Vincere BM Benito Mussolini
5%
1997 Sept ans au Tibet HH Heinrich Harrer
5%
2007 Le scaphandre et le papillon JDB Jean-Dominique Bauby
5%
2008 Baron rouge MVR Manfred von Richthofen
5%
2010 Carlos IRS Illich Ramirez Sanchez
4%
1991 Impromptu GS et FC {Georges Sand} et {Frédéric Chopin}
3%
1995 Le grand blanc de Lambaréné AS Albert Schweitzer
1%
1993 Tina AMB Anna Mae Bullock
1%
1994 Farinelli CB Carlo Broschi
1%
Aucun quiz correspondant
Distribution des résultats
% des personnes avec chaque résultat
Percentile par nombre de réponses
Votre historique - résultats
Vous n’avez pas pris ce quiz